00658nam a2200217 a 450000100060000000300080000600500170001400800410003103500190007204000270009104100080011808200240012610000210015024500510017126000400022230000330026249000430029550400360033865000230037483000430039770150BD-RjUL20211209081953.0170416s1965 nyua b 001 0 eng d a(BD-RjUL)70362 aDLCcDLCdBD-RjULbeng aeng00a546.6223bLAT 19651 aLarsen, Edwin M.10aTransitional elements /c[by] Edwin M. Larsen. aNew York, :bW. A. Benjamin,c1965. axi, 183 p. :bill. ;c22 cm.0 aThe General chemistry monograph series aIncludes bibliography and index 0aTransition metals. aThe General chemistry monograph series